Zhodnotenie zraniteľnosti územia vzhľadom na hydrologické sucho v KÚ Pružina
Na minha lista:
| Autor principal: | |
|---|---|
| Outros Autores: | |
| Formato: | Manuscrito Livro |
| Idioma: | eslovaco |
| Publicado em: |
2024
|
| Assuntos: | |
| Acesso em linha: | http://is.stuba.sk/zp/portal_zp.pl?podrobnosti=176526 https://opac.crzp.sk/?fn=detailBiblioForm&sid=AA0D9432EF6DE826C2161A4F11D3 |
| Tags: |
Sem tags, seja o primeiro a adicionar uma tag!
|
MARC
| LEADER | 00000ntm a22000003a 4500 | ||
|---|---|---|---|
| 001 | stuzp100094 | ||
| 003 | SK-STU | ||
| 005 | 20240919142655.4 | ||
| 007 | ta | ||
| 008 | 150427s2015----xo-----f-mn---000-0-slo-d | ||
| 040 | |a STU |b slo | ||
| 041 | 0 | |a slo | |
| 100 | 1 | |a Gábrišová, Nikola |u 010160 |4 aut |U SvF Stavebná fakulta |T SvF Katedra vodného hospodárstva krajiny |X 99016 |U V160 |Y 16 |7 99016 | |
| 242 | 0 | 1 | |a Evaluation of the sensitivity of the territory due to the hydrological drought in cadastre Pružina |y eng |
| 245 | 1 | 0 | |a Zhodnotenie zraniteľnosti územia vzhľadom na hydrologické sucho v KÚ Pružina |
| 260 | |c 2024 | ||
| 650 | 4 | |a koeficient ekologickej stability (KES) |2 slo | |
| 650 | 4 | |a hydrologické sucho |2 slo | |
| 650 | 4 | |a ekologické sucho |2 slo | |
| 650 | 4 | |a ekologická stabilita |2 slo | |
| 650 | 4 | |a ecological stability |2 eng | |
| 650 | 4 | |a Coefficient of Ecological Stability (CES) |2 eng | |
| 650 | 4 | |a hydrological drought |2 eng | |
| 650 | 4 | |a ecological drought |2 eng | |
| 700 | 1 | |a Danáčová, Michaela |u 010160 |k Z1 |4 ths |U SvF Stavebná fakulta |T SvF Katedra vodného hospodárstva krajiny |X 10113 |U V160 |Y 16 |7 A000010113 | |
| 856 | 4 | |u http://is.stuba.sk/zp/portal_zp.pl?podrobnosti=176526 | |
| 856 | 4 | |u https://opac.crzp.sk/?fn=detailBiblioForm&sid=AA0D9432EF6DE826C2161A4F11D3 | |